banner-ar

RESEARCH METHODS IN EDUCATION / (Record no. 10670)

MARC details
000 -الفاتح
حقل البيانات ثابتة الطول 00475nam a2200193Ia 4500
008 - عناصر البيانات ثابتة الطول - معلومات عامة
حقل البيانات ثابتة الطول 140319s9999 xx 000 0 eng d
040 ## - مصدر الفهرسة
وكالة الفهرسة الأصلية GCL /
وكالة النسخ GCL
082 04 - رقم تصنيف ديوى العشرى
رقم التصنيف 370.01
رقم المادة C R
100 1# - المدخل الرئيسى - إسم شخصى
الإسم الشخصى COHEN, LOUIS
245 10 - بيان العنوان
العنوان RESEARCH METHODS IN EDUCATION /
بيان المسئوليه,etc COHEN, LOUIS
700 1# - المدخل الاضافى - اسم شخصى
الإسم الشخصى MANION, LAWRENCE
300 ## - الوصف المادى
التعداد 414 P
650 04 - المدخل الاضافى بالموضوع-مصطلح موضوعى
مصطلح موضوعي CASE STUDIES
650 04 - المدخل الاضافى بالموضوع-مصطلح موضوعى
مصطلح موضوعي EDUCATION
650 04 - المدخل الاضافى بالموضوع-مصطلح موضوعى
مصطلح موضوعي RESEARCH METHODS
942 ## - عناصر المدخل الإضافي( كوها)
مصدر التصنيف او مخطط الترفيف Dewey Decimal Classification
Koha [default] item type كتاب
260 ## - PUBLICATION, DISTRIBUTION, ETC. (IMPRINT)
-- [S.N] :
-- ROUTLEDGE
Holdings
حالة التراجع حالة الفقد حالة تلف ليس للاعارة المكان المؤقت الموقع الحالى تاريخ الاكتساب اجمالي اﻻعارات رقم الطلب الباركود تاريخ اخر مشاهدة تاريخ تفعيل السعر نوع وعاء كوها
        مكتبة القاهرة الكبرى مكتبة القاهرة الكبرى 03/26/2014   370.01\C R 21490 03/26/2014 03/26/2014 كتاب

Powered By

EGPV